000 00329 a2200157 4500
001 59105
020 _a8502043382
040 _cAnchieta - Pituba
100 _aRibeiro, Regina Helena de Araújo
240 1 0 _aBandeirantes
_lpor
245 1 0 _aBandeirantes
300 _a87
362 0 _a2004
650 4 _aBrasil
942 _cBK
999 _c59105
_d59105